[Event "Titled Tue 1st Jul Early"]
[Site "chess.com INT"]
[Date "2025.07.01"]
[Round "5"]
[White "Reprintsev, Alexander"]
[Black "Romany, Joy"]
[Result "1-0"]
[WhiteTitle "IM"]
[BlackTitle "WIM"]
[WhiteElo "2256"]
[BlackElo "1960"]
[WhiteFideId "14100541"]
[BlackFideId "10656820"]
[EventDate "2025.07.01"]

1. e4 e5 2. Nc3 Nf6 3. g3 Nc6 4. Bg2 Bc5 5. Nge2 d6 6. Na4 Bb6 7. Nxb6 axb6 8.
h3 d5 9. exd5 Nxd5 10. O-O O-O 11. d4 Nf6 12. dxe5 Nxe5 13. Bf4 Nc4 14. Qxd8
Rxd8 15. Bxc7 Rd2 16. Rfd1 Rxd1+ 17. Rxd1 Be6 18. b3 Na5 19. Bxb6 Nc6 20. a4 Nd7
21. Be3 f5 22. Nf4 Kf7 23. Nxe6 Kxe6 24. Bd5+ Ke7 25. Re1 Kd8 26. Bxc6 bxc6 27.
Bd4 g6 28. h4 c5 29. Bc3 c4 30. h5 Nc5 31. Bb4 Ne4 32. a5 cxb3 33. cxb3 Rb8 34.
Rd1+ Ke8 35. Be1 Rxb3 36. Ra1 Ng5 37. a6 Nf3+ 38. Kf1 Rb8 39. a7 Ra8 40. Bc3 Kd7
41. Ke2 Ng5 42. Bd4 Ne6 43. Be3 Nd8 44. Rb1 Nc6 45. Rb7+ Kd6 46. Rxh7 gxh5 47.
Kf3 Ne5+ 48. Kf4 Nc4 49. Kxf5 Nxe3+ 50. fxe3 Kc6 51. Kg5 Kb6 52. Kxh5 1-0

[Event "Titled Tue 1st Jul Early"]
[Site "chess.com INT"]
[Date "2025.07.01"]
[Round "5"]
[White "Ankit Ray"]
[Black "Kozionov, Kirill"]
[Result "1/2-1/2"]
[WhiteTitle "FM"]
[BlackTitle "IM"]
[WhiteElo "2248"]
[BlackElo "2442"]
[WhiteFideId "25770624"]
[BlackFideId "24101729"]
[EventDate "2025.07.01"]

1. d4 Nf6 2. Bf4 g6 3. Nc3 Bg7 4. e4 d6 5. Be2 O-O 6. Qd2 Nc6 7. d5 Ne5 8. h3 e6
9. Bxe5 dxe5 10. O-O-O exd5 11. exd5 Ne8 12. Nf3 Nd6 13. Kb1 b5 14. Nxb5 Nxb5
15. Bxb5 e4 16. Nd4 Bd7 17. Nc6 Bxc6 18. Bxc6 Rb8 19. c3 Qf6 20. Rhe1 Qxc3 21.
Qxc3 Bxc3 22. Re2 f5 23. f3 Be5 24. fxe4 fxe4 25. b3 Rf4 26. d6 Bxd6 27. Bxe4
Kg7 28. Bf3 a5 29. Re4 Rxe4 30. Bxe4 a4 31. Kc2 axb3+ 32. axb3 Re8 33. Bf3 Re5
34. Rd5 Rxd5 35. Bxd5 Kf6 36. Kd3 Ke5 37. Bc6 Bc5 38. Kc4 Bb6 39. Bf3 Kf4 40.
Kd5 h5 41. Ke6 h4 42. Kf6 g5 43. Kg6 Bc5 44. Kf7 Bb6 45. Ke6 Kg3 46. Kf5 Be3 47.
Ke4 Bc1 48. Kd5 Be3 49. Kc6 Bb6 50. b4 Kf4 51. b5 Kf5 52. Bg4+ Kf4 53. Kd7 Ke5
54. Kc6 Kf4 55. Bf3 Ba5 56. Bg4 Bb6 1/2-1/2

[Event "Titled Tue 1st Jul Early"]
[Site "chess.com INT"]
[Date "2025.07.01"]
[Round "5"]
[White "Estrada Nieto, Julian"]
[Black "Bulatova, Kamaliya"]
[Result "1-0"]
[WhiteTitle "IM"]
[BlackTitle "WFM"]
[WhiteElo "2189"]
[BlackElo "2091"]
[WhiteFideId "5101018"]
[BlackFideId "34111546"]
[EventDate "2025.07.01"]

1. d4 e5 2. dxe5 Nc6 3. Nf3 Qe7 4. Nc3 Nxe5 5. Nxe5 Qxe5 6. g3 Bb4 7. Bd2 c6 8.
Bg2 Nf6 9. O-O O-O 10. e4 Re8 11. Bf4 Qa5 12. Bd2 Qd8 13. Re1 h6 14. a3 Bc5 15.
e5 Nh7 16. Ne4 Rxe5 17. Bf4 Rd5 18. Qe2 Bf8 19. c4 Rf5 20. Bh3 Ra5 21. Rad1 d5
22. Bg2 Qb6 23. Be3 Qc7 24. Bf4 Qb6 25. Nc3 d4 26. Ne4 Bf5 27. Qd2 1-0

[Event "Titled Tue 1st Jul Early"]
[Site "chess.com INT"]
[Date "2025.07.01"]
[Round "5"]
[White "Borgaonkar, Akshay"]
[Black "Jinan, Jomon"]
[Result "1-0"]
[WhiteTitle "FM"]
[BlackTitle "FM"]
[WhiteElo "2452"]
[BlackElo "2309"]
[WhiteFideId "25639110"]
[BlackFideId "35002511"]
[EventDate "2025.07.01"]

1. d4 d5 2. c4 e6 3. Nf3 Nf6 4. g3 Bb4+ 5. Bd2 a5 6. Bg2 dxc4 7. Qc2 Bxd2+ 8.
Nbxd2 b5 9. a4 c6 10. O-O O-O 11. e4 Ba6 12. e5 Nd5 13. Ne4 h6 14. Nd6 Nd7 15.
Rfe1 Rb8 16. Nd2 Nb4 17. Qe4 Nd3 18. Reb1 bxa4 19. Qxc6 Rb6 20. Qxa4 Rxb2 21.
N6xc4 Rxb1+ 22. Rxb1 Qc7 23. Qxa5 Qxa5 24. Nxa5 Rc8 25. Nc6 Kf8 26. f4 g5 27.
fxg5 hxg5 28. Be4 N7c5 29. dxc5 1-0

[Event "Titled Tue 1st Jul Early"]
[Site "chess.com INT"]
[Date "2025.07.01"]
[Round "5"]
[White "Dyachuk, Artem"]
[Black "Mayta Aiza, Maveric"]
[Result "1-0"]
[WhiteTitle "FM"]
[BlackTitle "CM"]
[WhiteElo "2305"]
[BlackElo "2180"]
[WhiteFideId "34107924"]
[BlackFideId "3307336"]
[EventDate "2025.07.01"]

1. e4 c5 2. Nf3 Nc6 3. Bb5 g6 4. O-O Bg7 5. Re1 Nf6 6. d3 O-O 7. h3 a6 8. Bxc6
bxc6 9. e5 Nd5 10. Nbd2 Nc7 11. Ne4 Ne6 12. Bd2 Rb8 13. Bc3 a5 14. Qd2 Ba6 15.
Bxa5 Qc8 16. Bc3 Qc7 17. h4 h5 18. Nfg5 Nxg5 19. Qxg5 c4 20. Qxe7 cxd3 21. cxd3
Bxd3 22. Rad1 Bxe4 23. Rxd7 Qb6 24. Rxe4 Rbe8 25. Qd6 Re6 26. Qd3 Qc5 27. Bb4
Qc1+ 28. Re1 Qxb2 29. Bxf8 Bxf8 30. Qf3 Re7 31. Rxe7 Bxe7 32. e6 f5 33. Qxc6 Kg7
34. g3 Qxa2 35. Qc3+ Kh7 36. Qc7 Qa3 37. Rd1 Kg7 38. Qe5+ Kg8 39. Rd7 Qc1+ 40.
Kh2 Qc2 41. Qb8+ Kg7 42. Rxe7+ Kf6 43. Rf7+ Kxe6 44. Qe8+ Kd5 45. Rd7+ 1-0

[Event "Titled Tue 1st Jul Early"]
[Site "chess.com INT"]
[Date "2025.07.01"]
[Round "5"]
[White "Milanovic, Vojislav"]
[Black "Faryma, Matviy"]
[Result "0-1"]
[WhiteTitle "IM"]
[WhiteElo "2293"]
[BlackElo "2230"]
[WhiteFideId "905046"]
[BlackFideId "1961578"]
[EventDate "2025.07.01"]

1. e4 e6 2. d3 d5 3. Nd2 g6 4. Ngf3 Bg7 5. g3 Ne7 6. Bg2 a5 7. a4 b6 8. O-O Bb7
9. Re1 O-O 10. c3 dxe4 11. dxe4 Nd7 12. Nc4 Nc5 13. e5 Nd3 14. Rf1 Nxc1 15. Qxc1
Nf5 16. Ne3 Qe7 17. Nxf5 exf5 18. Qf4 Rfe8 19. Rfe1 Rad8 20. h4 h6 21. Rad1 Be4
22. Rxd8 Rxd8 23. Nd2 Bxg2 24. Kxg2 Qc5 25. Nf3 Rd3 26. e6 fxe6 27. Rxe6 Kf7 28.
Re2 Qc6 29. Re3 Rxe3 30. Qxe3 Qxa4 31. Ne5+ Bxe5 32. Qxe5 Qe4+ 33. Qxe4 fxe4 34.
Kf1 Ke6 35. Ke2 Ke5 36. Ke3 b5 37. Ke2 a4 38. Ke3 c5 39. Ke2 b4 40. cxb4 cxb4
41. Kd2 Kd4 42. Kc2 h5 43. Kd2 a3 44. bxa3 bxa3 45. Kc2 e3 46. fxe3+ Kxe3 47.
Kb3 Kf3 48. Kxa3 Kxg3 49. Kb3 Kxh4 50. Kc3 Kg3 51. Kd3 Kg2 52. Ke3 h4 53. Kf4 h3
54. Kg5 h2 55. Kxg6 h1=Q 56. Kg5 Qh3 0-1

[Event "Titled Tue 1st Jul Early"]
[Site "chess.com INT"]
[Date "2025.07.01"]
[Round "5"]
[White "Ivashentseva, Dominika"]
[Black "Winkels, Marcel"]
[Result "1-0"]
[WhiteTitle "WCM"]
[BlackTitle "CM"]
[WhiteElo "1970"]
[BlackElo "1905"]
[WhiteFideId "34331050"]
[BlackFideId "1003887"]
[EventDate "2025.07.01"]

1. d4 Nf6 2. c4 c5 3. d5 e6 4. Nf3 exd5 5. cxd5 d6 6. g3 g6 7. Bg2 Bg7 8. O-O
O-O 9. Nc3 Re8 10. Bg5 h6 11. Bxf6 Bxf6 12. Qc2 a6 13. a4 Bf5 14. e4 Bg4 15.
Rfe1 Nd7 16. Nd2 Ne5 17. f4 Nd7 18. Nc4 Bd4+ 19. Kh1 Nf6 20. e5 dxe5 21. fxe5
Nh5 22. e6 Nxg3+ 23. hxg3 Qg5 24. exf7+ Kxf7 25. Nd6+ Kg7 26. Nxe8+ Rxe8 27. Bh3
Qh5 28. Qh2 Bf3+ 29. Bg2 Qg4 30. Rxe8 b5 31. axb5 axb5 32. Ra7+ Kf6 33. Re6+ Kf5
34. Rf7+ Kg5 35. Qh4+ Qxh4+ 36. gxh4+ Kg4 37. Bxf3+ 1-0

[Event "Titled Tue 1st Jul Early"]
[Site "chess.com INT"]
[Date "2025.07.01"]
[Round "5"]
[White "Germanovs, Georgijs"]
[Black "Kollars, Dmitrij"]
[Result "0-1"]
[WhiteTitle "CM"]
[BlackTitle "GM"]
[WhiteElo "2260"]
[BlackElo "2644"]
[WhiteFideId "11609710"]
[BlackFideId "12909572"]
[EventDate "2025.07.01"]

1. e4 e5 2. Nf3 Nc6 3. Bc4 Nf6 4. d3 Bc5 5. O-O d6 6. h3 a5 7. c3 h6 8. Be3 Ba7
9. Bxa7 Rxa7 10. Re1 O-O 11. d4 Re8 12. dxe5 Nxe5 13. Nxe5 dxe5 14. Nd2 c6 15.
Nf3 Qxd1 16. Raxd1 b5 17. Bb3 a4 18. Bc2 Kf8 19. Rd6 Rc7 20. Red1 Nd7 21. a3 Nc5
22. Rd8 f6 23. Nh4 Bd7 24. Rxe8+ Kxe8 25. Nf3 Be6 26. Ne1 Ke7 27. f3 Bb3 28. Kf2
h5 29. h4 g6 30. g3 f5 31. exf5 gxf5 32. Rd2 e4 33. fxe4 Bxc2 34. Rxc2 fxe4 35.
Ke3 Kd6 36. Ng2 Rg7 37. Kf2 Nd3+ 38. Ke3 Ke5 39. Re2 Rxg3+ 40. Kd2 Nxb2 41. Ne3
Rh3 42. Rg2 Kf4 43. Nf1 Nc4+ 44. Ke2 Rxc3 0-1

[Event "Titled Tue 1st Jul Early"]
[Site "chess.com INT"]
[Date "2025.07.01"]
[Round "5"]
[White "Samunenkov, Ihor"]
[Black "Maghsoodloo, Parham"]
[Result "0-1"]
[WhiteTitle "GM"]
[BlackTitle "GM"]
[WhiteElo "2555"]
[BlackElo "2695"]
[WhiteFideId "14187086"]
[BlackFideId "12539929"]
[EventDate "2025.07.01"]

1. e4 c5 2. Nf3 d6 3. d4 cxd4 4. Nxd4 Nf6 5. Nc3 Nc6 6. f3 e5 7. Nb3 Be7 8. Be3
O-O 9. Qd2 a5 10. Bb5 Na7 11. Bxa7 Rxa7 12. Qf2 Ra8 13. Rd1 Be6 14. Nc5 Qc7 15.
Nxe6 fxe6 16. Qe2 Qb6 17. Na4 Qc7 18. Qc4 Qxc4 19. Bxc4 Kf7 20. b3 Rfd8 21. Nb6
Rab8 22. Ke2 g5 23. Rhf1 h5 24. g3 Bf8 25. Rd3 Ke7 26. h3 g4 27. hxg4 hxg4 28.
Rh1 Bg7 29. Rh4 Rh8 30. fxg4 Nxe4 31. Rxh8 Rxh8 32. Kf3 Ng5+ 33. Kg2 e4 34. Rd1
Be5 35. Be2 d5 36. Rh1 Rxh1 37. Kxh1 Bxg3 38. Kg2 Bc7 39. Na4 Kd6 40. c3 Ke5 41.
Nc5 b6 42. Nd7+ Kf4 43. Nf6 Ke3 44. Kf1 Kd2 45. Ne8 Be5 0-1

[Event "Titled Tue 1st Jul Early"]
[Site "chess.com INT"]
[Date "2025.07.01"]
[Round "5"]
[White "Gavarrete, Nahun"]
[Black "Tikhonov, Viacheslav"]
[Result "0-1"]
[WhiteTitle "FM"]
[BlackTitle "CM"]
[WhiteElo "2281"]
[BlackElo "2183"]
[WhiteFideId "8400709"]
[BlackFideId "44196407"]
[EventDate "2025.07.01"]

1. e4 c5 2. Nc3 Nc6 3. g3 g6 4. Bg2 Bg7 5. Nge2 h5 6. d3 h4 7. Be3 Nd4 8. Bxd4
cxd4 9. Nb1 Qb6 10. b3 d6 11. Nd2 Qa5 12. a3 Bg4 13. f3 h3 14. Bf1 Bxf3 15. b4
Qh5 16. Rg1 Bg4 17. Qc1 Bh6 18. Qb2 Be3 19. Nf4 Qh6 20. Rh1 Bxd2+ 21. Kxd2 e5
22. Be2 Bxe2 23. Kxe2 exf4 24. Qxd4 Nf6 25. Qxf6 fxg3 26. hxg3 O-O 27. Rh2 Qh5+
28. Kf2 g5 29. Rah1 g4 30. Qxd6 Rae8 31. Qd5 Re5 32. Qd4 Rfe8 33. Qe3 f5 34. Qf4
fxe4 35. Re1 Rf8 36. Ke3 Rxf4 37. gxf4 Qh6 38. Kd2 Qxf4+ 39. Kd1 Qxh2 40. dxe4
Qg2 41. Re2 Rxe4 42. Rxg2 hxg2 43. Kd2 g1=Q 44. Kd3 Qe3# 0-1

[Event "Titled Tue 1st Jul Early"]
[Site "chess.com INT"]
[Date "2025.07.01"]
[Round "5"]
[White "Bruhovich, Olexandr"]
[Black "Borges, Wagner da Silva"]
[Result "1-0"]
[WhiteTitle "CM"]
[BlackTitle "CM"]
[WhiteElo "2208"]
[BlackElo "2055"]
[WhiteFideId "14119919"]
[BlackFideId "2100401"]
[EventDate "2025.07.01"]

1. e4 e6 2. d4 d5 3. Nd2 c5 4. Ngf3 Nc6 5. exd5 exd5 6. Bd3 Nf6 7. O-O Be7 8. h3
O-O 9. Re1 Re8 10. c3 a6 11. a4 h6 12. Nf1 Bf8 13. Bf4 Rxe1 14. Qxe1 Bd7 15. Ng3
g6 16. Qd2 h5 17. dxc5 Bxc5 18. Bg5 Be7 19. Re1 Be6 20. Bxg6 Ne4 21. Bxe4 dxe4
22. Nxe4 Bxg5 23. Nexg5 Qxd2 24. Nxd2 Rd8 25. Nde4 Bb3 26. Nc5 Na5 27. Re7 b6
28. Nxb3 Nxb3 29. Nxf7 Rd2 30. f4 Rxb2 31. f5 Nc5 32. Nh6+ Kf8 33. f6 Rb1+ 34.
Kh2 Rf1 35. Rf7+ Ke8 36. g4 b5 37. axb5 a5 38. g5 a4 39. g6 a3 40. g7 1-0

[Event "Titled Tue 1st Jul Early"]
[Site "chess.com INT"]
[Date "2025.07.01"]
[Round "5"]
[White "Zlatkov, Anton"]
[Black "Sanal, Vahap"]
[Result "0-1"]
[WhiteTitle "FM"]
[BlackTitle "GM"]
[WhiteElo "2330"]
[BlackElo "2550"]
[WhiteFideId "15005402"]
[BlackFideId "6300545"]
[EventDate "2025.07.01"]

1. e4 e5 2. Nf3 Nc6 3. Bc4 Bc5 4. O-O Nf6 5. d3 d6 6. c3 a6 7. Bb3 Ba7 8. Re1 h6
9. Nbd2 O-O 10. h3 Re8 11. Nf1 Be6 12. Bc2 d5 13. exd5 Nxd5 14. Ng3 Qd6 15. Nh4
Qd7 16. Qf3 Kf8 17. Ng6+ Kg8 18. Nh4 Nde7 19. Nh5 Ng6 20. Qg3 Kh8 21. d4 Nce7
22. dxe5 Rg8 23. Nxg6+ fxg6 24. Nf4 Bf5 25. Bb3 Rgf8 26. Be3 Bxe3 27. Qxe3 g5
28. Ne2 Bg6 29. Rad1 Qe8 30. Nd4 Rc8 31. Ne6 Rg8 32. Qd2 c5 33. Bc2 Nf5 0-1

[Event "Titled Tue 1st Jul Early"]
[Site "chess.com INT"]
[Date "2025.07.01"]
[Round "5"]
[White "Fandi, Mazen"]
[Black "Indjic, Aleksandar"]
[Result "0-1"]
[WhiteTitle "FM"]
[BlackTitle "GM"]
[WhiteElo "2302"]
[BlackElo "2661"]
[WhiteFideId "7611625"]
[BlackFideId "911925"]
[EventDate "2025.07.01"]

1. e4 e5 2. Nf3 Nc6 3. Bb5 Bb4 4. O-O Nge7 5. c3 Ba5 6. d4 exd4 7. cxd4 a6 8.
Ba4 d5 9. e5 O-O 10. Be3 Bg4 11. Bc2 h6 12. Qd3 Bf5 13. Qe2 Bxc2 14. Qxc2 f5 15.
Bd2 Bb6 16. Bc3 Qd7 17. Nbd2 Nd8 18. b4 Ne6 19. Nb3 f4 20. Rab1 c6 21. Nc5 Qc8
22. Qd3 g5 23. a4 Nf5 24. Nd2 Bxc5 25. bxc5 Rf7 26. Rb6 Qf8 27. Rfb1 Qg7 28. Nb3
a5 29. Nxa5 Rxa5 30. Bxa5 Nfxd4 31. Bc3 Nf5 32. a5 f3 33. a6 bxa6 34. Rb8+ Kh7
35. g4 Nf4 36. Qc2 Ne2+ 37. Kh1 Nxc3 38. gxf5 Ne4 39. f6 Qg6 40. R1b7 Ng3+ 41.
hxg3 Qxc2 42. Rxf7+ Kg6 43. Rg7+ Kh5 44. f7 Qxf2 45. Rb2 Qxb2 0-1

[Event "Titled Tue 1st Jul Early"]
[Site "chess.com INT"]
[Date "2025.07.01"]
[Round "5"]
[White "Yalcinkaya, Efe"]
[Black "Vlassov, Nikolai"]
[Result "1-0"]
[WhiteTitle "CM"]
[BlackTitle "IM"]
[WhiteElo "2225"]
[BlackElo "2291"]
[WhiteFideId "44506619"]
[BlackFideId "4103360"]
[EventDate "2025.07.01"]

1. d4 Nf6 2. Nf3 g6 3. Bg5 Bg7 4. Nbd2 d5 5. e3 O-O 6. c3 c5 7. Be2 Nc6 8. dxc5
Nd7 9. Nb3 a5 10. a4 Nf6 11. O-O Bg4 12. h3 Bxf3 13. Bxf3 e6 14. Bf4 e5 15. Bh2
Re8 16. Qd2 Ne4 17. Qc2 Qh4 18. Rad1 Rad8 19. c4 Nb4 20. Qb1 dxc4 21. Bxe4 cxb3
22. Bxb7 Qc4 23. c6 Nc2 24. Qc1 f6 25. Rd2 Bf8 26. Rfd1 Rxd2 27. Qxd2 Bb4 28.
Qd7 Re7 29. Qd8+ Kg7 30. Bg3 h5 31. h4 Rf7 32. Rd7 Ba3 33. Rxf7+ Qxf7 34. c7
Qxc7 35. Qxc7+ Kh6 36. bxa3 1-0

[Event "Titled Tue 1st Jul Early"]
[Site "chess.com INT"]
[Date "2025.07.01"]
[Round "5"]
[White "Moghaddamian, Afshin"]
[Black "Hrabinska, Myroslava"]
[Result "0-1"]
[WhiteTitle "CM"]
[BlackTitle "WGM"]
[WhiteElo "2126"]
[BlackElo "2121"]
[WhiteFideId "12503886"]
[BlackFideId "14109190"]
[EventDate "2025.07.01"]

1. Nf3 c5 2. c4 Nc6 3. Nc3 e5 4. g3 g6 5. Bg2 Bg7 6. O-O Nge7 7. Ne1 O-O 8. Nc2
d6 9. a3 f5 10. d3 f4 11. Rb1 Bg4 12. b4 Qd7 13. Ne4 b6 14. b5 Nd4 15. Nxd4 cxd4
16. a4 Rac8 17. Ba3 d5 18. cxd5 Nxd5 19. Bxf8 Rxf8 20. h3 Bxh3 21. Bxh3 Qxh3 22.
Qb3 Qe6 23. Ng5 Qd7 24. Qc4 Rc8 25. Qa2 Kh8 26. Rbc1 Rf8 27. Ne4 Bh6 28. Rc6
fxg3 29. fxg3 Rxf1+ 30. Kxf1 Ne3+ 31. Ke1 Nd5 32. Rd6 Qc7 0-1

[Event "Titled Tue 1st Jul Early"]
[Site "chess.com INT"]
[Date "2025.07.01"]
[Round "5"]
[White "Vu Quang Quyen"]
[Black "Castillo, Santiago"]
[Result "1-0"]
[WhiteTitle "CM"]
[WhiteElo "2026"]
[BlackElo "2163"]
[WhiteFideId "12402168"]
[BlackFideId "108936"]
[EventDate "2025.07.01"]

1. Nf3 Nf6 2. g3 g6 3. Bg2 Bg7 4. O-O O-O 5. d4 d6 6. c4 Bf5 7. Nc3 Ne4 8. Qb3
Nxc3 9. bxc3 Be4 10. Nd2 Bxg2 11. Kxg2 b6 12. a4 a5 13. Rb1 Nd7 14. Ba3 e5 15.
e3 Qe7 16. Qb5 e4 17. Qc6 Nf6 18. c5 d5 19. Rb3 bxc5 20. Bxc5 Qe8 21. Qxc7 Qc8
22. Rb7 Qg4 23. Bxf8 Rxf8 24. f3 Qh5 25. Qe5 exf3+ 26. Rxf3 Qxe5 27. dxe5 Ng4
28. e6 fxe6 29. h3 Rxf3 30. Kxf3 Ne5+ 31. Ke2 Nc6 32. Rc7 Ne5 33. c4 Bf8 34.
cxd5 exd5 35. Nb3 Bb4 36. Nd4 Nc4 37. Nc6 Bd6 38. Ra7 Bxg3 39. Nxa5 Nb6 40. Nc6
Bd6 41. a5 Nc4 42. a6 Bc5 43. Ra8+ Kg7 44. a7 Nb6 45. Rb8 1-0

[Event "Titled Tue 1st Jul Early"]
[Site "chess.com INT"]
[Date "2025.07.01"]
[Round "5"]
[White "Gonzalez Mojica, Renan Arturo"]
[Black "Luong Phuong Hanh"]
[Result "0-1"]
[WhiteTitle "FM"]
[BlackTitle "WIM"]
[WhiteElo "2098"]
[BlackElo "2121"]
[WhiteFideId "4482379"]
[BlackFideId "12401013"]
[EventDate "2025.07.01"]

1. d4 Nf6 2. c4 g6 3. Nc3 d5 4. Qb3 dxc4 5. Qxc4 Bg7 6. Bf4 c6 7. e4 O-O 8. Nf3
b5 9. Qd3 b4 10. Na4 Ba6 11. Qe3 Ng4 12. Qd2 Bxf1 13. Kxf1 Qa5 14. Nc5 Na6 15.
Nb3 Qb5+ 16. Qe2 Qb6 17. h3 Nf6 18. g3 c5 19. dxc5 Nxc5 20. Nxc5 Qxc5 21. Kg2
Nh5 22. Be3 Qc6 23. Bd4 Nf6 24. Rhe1 Rad8 25. Rac1 Qb7 26. Bc5 a5 27. a3 Rc8 28.
axb4 axb4 29. Bd4 Rxc1 30. Rxc1 Nxe4 31. Bxg7 Kxg7 32. Rc4 Nd6 33. Qe5+ f6 34.
Qc5 Rc8 35. Qxc8 Nxc8 36. Rf4 Nd6 37. Kh2 e5 0-1

[Event "Titled Tue 1st Jul Early"]
[Site "chess.com INT"]
[Date "2025.07.01"]
[Round "5"]
[White "Barrientos, Ernesto"]
[Black "Cunha, Lucas Aguiar"]
[Result "0-1"]
[WhiteTitle "CM"]
[BlackTitle "FM"]
[WhiteElo "2027"]
[BlackElo "2254"]
[WhiteFideId "3701247"]
[BlackFideId "2125404"]
[EventDate "2025.07.01"]

1. e4 c5 2. Nf3 Nc6 3. d4 cxd4 4. Nxd4 Nf6 5. Nc3 d6 6. Bg5 e6 7. Qd2 h6 8. Bh4
Nxe4 9. Qf4 Nf6 10. Nxc6 bxc6 11. Ne4 Qa5+ 12. c3 Nxe4 13. Qxe4 d5 14. Qe5 Qb6
15. O-O-O Rb8 16. Rd2 Rb7 17. Kb1 Qc7 18. Qe3 Bd6 19. Bg3 e5 20. Bd3 O-O 21. Re1
e4 22. Bxd6 Qxd6 23. Bxe4 Be6 24. Bc2 Rfb8 25. b3 a5 26. h4 a4 27. Qd3 g6 28.
Kb2 axb3 29. Bxb3 h5 30. f3 Qg3 31. Re3 c5 32. Qe2 c4 33. Rxe6 fxe6 34. Qxe6+
Rf7 35. Rxd5 cxb3 36. axb3 Kg7 0-1

[Event "Titled Tue 1st Jul Early"]
[Site "chess.com INT"]
[Date "2025.07.01"]
[Round "5"]
[White "Gazineu Neto, Rubens"]
[Black "Pasti, Aron"]
[Result "0-1"]
[BlackTitle "IM"]
[WhiteElo "1960"]
[BlackElo "2376"]
[WhiteFideId "2174685"]
[BlackFideId "785857"]
[EventDate "2025.07.01"]

1. e4 c5 2. Nf3 e6 3. d4 cxd4 4. Nxd4 Nc6 5. Nc3 Qc7 6. Ndb5 Qb8 7. Be3 a6 8.
Nd4 Nf6 9. a3 b5 10. Bd3 Bb7 11. O-O Bd6 12. h3 Bh2+ 13. Kh1 Be5 14. Nde2 Bd6
15. f4 e5 16. f5 O-O 17. Qe1 Ne7 18. Bg5 Kh8 19. Qh4 Neg8 20. Rad1 Be7 21. Qg3
h6 22. Be3 d5 23. exd5 Nxd5 24. Nxd5 Bxd5 25. Nc3 Bc4 26. Ne4 Nf6 27. Nxf6 Bxf6
28. Qf3 Rc8 29. Qh5 Qb7 30. Bxh6 Kg8 31. Bg5 Bxd3 32. cxd3 Rc2 33. Rg1 Bxg5 34.
Qxg5 f6 35. Qe3 Rxb2 36. d4 Rd8 0-1

[Event "Titled Tue 1st Jul Early"]
[Site "chess.com INT"]
[Date "2025.07.01"]
[Round "5"]
[White "Tari, Aryan"]
[Black "Panda, Sambit"]
[Result "1-0"]
[WhiteTitle "GM"]
[BlackTitle "IM"]
[WhiteElo "2636"]
[BlackElo "2379"]
[WhiteFideId "1510045"]
[BlackFideId "25091794"]
[EventDate "2025.07.01"]

1. c4 b6 2. d4 Bb7 3. Nc3 Nf6 4. d5 e6 5. e4 Bb4 6. e5 Ne4 7. Qd4 f5 8. exf6
Qxf6 9. Qxf6 gxf6 10. Ne2 exd5 11. cxd5 Bxd5 12. a3 Bxc3+ 13. Nxc3 Nxc3 14. bxc3
Nc6 15. Ba6 Kf7 16. f3 Ne5 17. Bf4 Rae8 18. O-O-O Be6 19. Rhe1 d6 20. Bg3 Bc4
21. Rxe5 Bxa6 22. Rf5 Kg6 23. Rf4 h5 24. Bh4 Rhf8 25. Rd2 Re5 26. Ra4 Ra5 27.
Rxa5 bxa5 28. Rd5 Bf1 29. g3 Bg2 30. Rxa5 Bxf3 31. Rxa7 c5 32. c4 Re8 33. Rd7
Re4 34. Rxd6 Rxc4+ 35. Kb2 Rg4 36. Rxf6+ Kg7 37. Rxf3 Rd4 38. Bf6+ 1-0

[Event "Titled Tue 1st Jul Early"]
[Site "chess.com INT"]
[Date "2025.07.01"]
[Round "5"]
[White "Arun, Siddharth"]
[Black "Silva, Mariana"]
[Result "1-0"]
[BlackTitle "WFM"]
[WhiteElo "1978"]
[BlackElo "2039"]
[WhiteFideId "2079178"]
[BlackFideId "1911899"]
[EventDate "2025.07.01"]

1. d4 d5 2. Nc3 c5 3. e4 cxd4 4. Qxd4 Nc6 5. Bb5 e6 6. exd5 exd5 7. Nf3 Nf6 8.
O-O Be7 9. Ne5 Bd7 10. Bxc6 Bxc6 11. Bg5 O-O 12. Rad1 Re8 13. Rfe1 Qc7 14. Nf3
Rad8 15. b4 a6 16. a4 b6 17. Bf4 Bd6 18. Rxe8+ Rxe8 19. Bxd6 Qxd6 20. Qxb6 Rc8
21. Qxa6 Qc7 22. Nd4 Bb7 23. Qb5 Ng4 24. g3 Ne5 25. Nce2 h5 26. f4 Nc4 27. Nf5
g6 28. Nfd4 Ne3 29. Rd3 Nxc2 30. Rc3 Nxd4 31. Rxc7 Nxb5 32. Rxc8+ Bxc8 33. axb5
Bb7 34. Nd4 Kf8 35. Kf2 Ke7 36. Ke3 Kd6 37. Nb3 Ba8 38. Kd4 Bb7 39. Nc5 Ba8 40.
h4 Kc7 41. Na4 Kd6 42. Nc3 Kc7 43. Kc5 Kd7 44. Nxd5 Ke6 45. Nc7+ 1-0

[Event "Titled Tue 1st Jul Early"]
[Site "chess.com INT"]
[Date "2025.07.01"]
[Round "5"]
[White "Parfenov, Viktor N."]
[Black "Leiva, Gianmarco"]
[Result "0-1"]
[WhiteTitle "CM"]
[BlackTitle "IM"]
[WhiteElo "2193"]
[BlackElo "2387"]
[WhiteFideId "4165969"]
[BlackFideId "3804399"]
[EventDate "2025.07.01"]

1. d4 d5 2. c4 e6 3. Nf3 Nf6 4. g3 Bb4+ 5. Nc3 dxc4 6. Bg2 b5 7. O-O Bxc3 8.
bxc3 Bb7 9. a4 a6 10. Ba3 Nbd7 11. Qb1 Rb8 12. axb5 axb5 13. Rd1 Qc8 14. Bb4 Nd5
15. Ra7 Ra8 16. Rxb7 Qxb7 17. Ng5 Qa6 18. Bxd5 exd5 19. Qf5 Nf6 20. e4 h6 21. e5
hxg5 22. exf6 Qe6 23. fxg7 Rg8 24. Qxg5 Kd7 25. h4 f6 26. Qg6 f5 27. Qg5 Qf7 28.
Re1 Rxg7 29. Re7+ Qxe7 30. Bxe7 Rxg5 31. Bxg5 b4 32. cxb4 c3 33. h5 Ke6 34. Kg2
c2 35. f3 Ra1 36. g4 fxg4 37. fxg4 c1=Q 38. Bxc1 Rxc1 39. Kg3 Kf6 40. Kh4 Rh1+
41. Kg3 Kg5 42. Kf3 Re1 43. Kg3 Re4 44. b5 Rxg4+ 45. Kf3 Kxh5 46. b6 cxb6 0-1

[Event "Titled Tue 1st Jul Early"]
[Site "chess.com INT"]
[Date "2025.07.01"]
[Round "5"]
[White "Jammalamadaka, Vihaan"]
[Black "Cordoba Roa, Angel Gabriel"]
[Result "1-0"]
[WhiteTitle "CM"]
[BlackTitle "FM"]
[WhiteElo "1977"]
[BlackElo "2396"]
[WhiteFideId "30977134"]
[BlackFideId "3957624"]
[EventDate "2025.07.01"]

1. b3 e5 2. Bb2 Nc6 3. e3 Nf6 4. d4 exd4 5. exd4 d5 6. Nf3 Bb4+ 7. c3 Bd6 8. Bb5
O-O 9. O-O Ne7 10. h3 Ng6 11. Nbd2 Ne4 12. Re1 f5 13. Bf1 Nh4 14. Ne5 Qg5 15.
Ndf3 Qh6 16. c4 Bb4 17. cxd5 Bxe1 18. Qxe1 Nxf3+ 19. Nxf3 Bd7 20. Ne5 Rad8 21.
Ba3 Rfe8 22. Qb4 Bc8 23. Bb5 Qh4 24. Rf1 Rf8 25. Qe7 Qf6 26. Qxc7 a6 27. Be7 Qh6
28. Bxd8 axb5 29. Qxc8 Qd6 30. Qxb7 Qxd8 31. Qxb5 Kh8 32. Qd7 Qf6 33. Rc1 h6 34.
Rc8 Rxc8 35. Qxc8+ Kh7 36. Nd7 Qxd4 37. Nf8+ Kg8 38. Ne6+ 1-0